00411nam a2200157Ia 45000010006000000050017000060080041000230410008000640820021000721000028000932450072001212600009001933000035002026500008002376540008002452360020260414150948.0260414t2014||||xx |||||||||||||| ||spa|| aESP a670.42bK18 V. 2 aKalpakjian, SeropeeAUT 0aManufactura, ingeniería y tecnología :bprocesos de manufactura c2014 axxix, 1180 páginas :c27 cm. aTCA aCII